| 000 | 01204nam a2200313 a 4500 | ||
|---|---|---|---|
| 001 | 000111273 | ||
| 003 | CHAP | ||
| 005 | 20220329144205.0 | ||
| 008 | 150126s2014 mx a fsm |||||||spa d | ||
| 010 | _a107735 | ||
| 011 | _a108707 | ||
| 040 | _cCHAP | ||
| 090 | _aTesis | ||
| 100 | 1 |
_aToro Pérez, Santos del _9129113 |
|
| 245 | 1 | 0 |
_aInducción del estro con media dosis de PGF2a (12.5mg.) aplicada en el vestíbulo de la vulva en vacas Holstein - Friesian de la Comarca Lagunera _h[En línea] _cpor Santos del Toro Pérez. |
| 260 |
_aBermejillo, Dgo. : _bEl autor, _c2014. |
||
| 500 | _aPara ver el contenido del material haga clic en la liga | ||
| 502 | _aTesis (Ing. en Sistemas Pecuarios de Zonas Áridas) -- UACH. Unidad Regional Universitaria de Zonas Áridas | ||
| 590 |
_aE11695DGD _b10 _c20150128 _lUCH01 _h1454 |
||
| 590 |
_aE6096MTM _b05 _c20150126 _lUCH01 _h1123 |
||
| 590 |
_aE6096MTM _b05 _c20150126 _lUCH01 _h1124 |
||
| 650 | 1 | 4 |
_aCiclo estrual. _923072 |
| 650 | 1 | 4 |
_aGanado vacuno _xComarca Lagunera. _945446 |
| 650 | 1 | 4 |
_aGanado vacuno _xRazas. _945509 |
| 856 |
_aFinding aid _uhttp://10.13.5.2/tesis/sist111273.pdf _zTeclea aquí |
||
| 901 | _aBK | ||
| 942 | _cTESIS | ||
| 942 | _n0 | ||
| 999 |
_c107735 _d107735 |
||